[Event "Frankfurt Ch 2009"]
[Site "Ffm-Kalbach, LAZ"]
[Date "2009.06.29"]
[Round "7.61"]
[White "Jaklitsch, Albert"]
[Black "Steiz, Johann"]
[Result "0-1"]
[WhiteElo "1670"]
[BlackElo "1497"]
[PlyCount "46"]
[EventDate "2009.??.??"]
[WhiteTeam "vereinslos"]
[BlackTeam "ESV Grossenbaum e.V. 1973"]

1. e4 c5 2. c3 d5 3. Bb5+ Bd7 4. Bxd7+ Qxd7 5. exd5 Qxd5 6. Qf3 Nf6 7. Qxd5
Nxd5 8. d3 e5 9. Nf3 Nc6 10. O-O Bd6 11. Re1 O-O 12. b3 Rae8 13. Bd2 f5 14. h3
e4 15. dxe4 fxe4 16. Nh2 Bxh2+ 17. Kxh2 Rxf2 18. c4 Ndb4 19. Be3 Rf7 20. Re2
Nd4 21. Rd2 Nbc2 22. Rxc2 Nxc2 23. Bxc5 Nxa1 0-1

[Event "Frankfurt Ch 2009"]
[Site "Ffm-Kalbach, LAZ"]
[Date "2009.06.29"]
[Round "7.62"]
[White "Becker, Günter"]
[Black "Witt, Holger"]
[Result "0-1"]
[WhiteElo "1811"]
[BlackElo "1555"]
[PlyCount "92"]
[EventDate "2009.??.??"]
[WhiteTeam "SC Steinbach"]
[BlackTeam "SC 1934 Viernheim"]

1. c4 b6 2. Nc3 Bb7 3. e4 e6 4. Nf3 Bb4 5. d3 d5 6. Qa4+ Nc6 7. cxd5 exd5 8.
Bd2 dxe4 9. dxe4 Nge7 10. Bc4 O-O 11. O-O Bc5 12. Rad1 Qc8 13. Nd5 Nxd5 14.
Bxd5 Ne7 15. Bxb7 Qxb7 16. b4 b5 17. Qc2 Bb6 18. Bc3 Rfd8 19. Rfe1 Rac8 20. Qb3
c5 21. bxc5 Bxc5 22. Ne5 Ng6 23. Rd5 Rxd5 24. Qxd5 Qxd5 25. exd5 Bxf2+ 26. Kxf2
Rxc3 27. Nc6 f6 28. Nxa7 Ra3 29. Nxb5 Rxa2+ 30. Ke3 Ne5 31. Kd4 Rd2+ 32. Ke4
Kf8 33. Ra1 Rxg2 34. Kf5 Re2 35. Ra7 Nc4 36. d6 Re5+ 37. Kf4 Rxb5 38. Ra8+ Kf7
39. Ra7+ Kg6 40. d7 Rb8 41. Rc7 Rd8 42. Rxc4 Rxd7 43. Kf3 Rd5 44. h4 h5 45. Ra4
Rd3+ 46. Kf4 Rh3 0-1

[Event "Frankfurt Ch 2009"]
[Site "Ffm-Kalbach, LAZ"]
[Date "2009.06.29"]
[Round "7.63"]
[White "Smith-Meyer, Geir"]
[Black "Bauer, Alfred"]
[Result "1-0"]
[WhiteElo "1627"]
[BlackElo "1407"]
[PlyCount "109"]
[EventDate "2009.??.??"]
[WhiteTeam "SC Bad Soden"]
[BlackTeam "FB Mörlenbach-Birkenau"]

1. d4 d5 2. Bf4 Nf6 3. e3 e6 4. Nd2 c5 5. c3 Nbd7 6. Bd3 Be7 7. a4 O-O 8. Ngf3
Re8 9. h3 cxd4 10. exd4 Nf8 11. O-O Ng6 12. Bh2 Bd7 13. Ne5 Bc6 14. Nxc6 bxc6
15. b4 Bd6 16. f4 Qc7 17. Bxg6 hxg6 18. Qf3 Rab8 19. a5 g5 20. Rae1 g6 21. g4
Nh7 22. Nb3 Re7 23. Nc5 Rbe8 24. Nd3 gxf4 25. Bxf4 Bxf4 26. Qxf4 Qxf4 27. Rxf4
Ng5 28. Kg2 Ne4 29. Rc1 f6 30. Rf3 Rh7 31. Nf2 Kf7 32. Re3 Reh8 33. Nxe4 dxe4
34. c4 f5 35. gxf5 gxf5 36. d5 exd5 37. cxd5 Rg7+ 38. Rg3 Rhg8 39. Rxg7+ Rxg7+
40. Kf2 Ke8 41. dxc6 Kd8 42. Rd1+ Kc8 43. Rd7 Rxd7 44. cxd7+ Kxd7 45. h4 f4 46.
h5 Ke6 47. h6 Kd5 48. h7 e3+ 49. Kf3 Kc4 50. h8=Q Kd3 51. Qb2 a6 52. Qe2+ Kc3
53. Kxf4 Kxb4 54. Qe1+ Kb5 55. Kxe3 1-0

[Event "Frankfurt Ch 2009"]
[Site "Ffm-Kalbach, LAZ"]
[Date "2009.06.29"]
[Round "7.64"]
[White "Milde, Dieter"]
[Black "Neuhaus, Joachim"]
[Result "1/2-1/2"]
[WhiteElo "1625"]
[BlackElo "1345"]
[PlyCount "90"]
[EventDate "2009.??.??"]
[WhiteTeam "Bad Vilbeler Sfr.1985"]
[BlackTeam "SC 1933 Somborn"]

1. d4 d5 2. Nf3 Bg4 3. Ne5 Bh5 4. g4 Bg6 5. h4 f6 6. Nxg6 hxg6 7. Qd3 g5 8.
Qg6+ Kd7 9. Bg2 e6 10. hxg5 Rxh1+ 11. Bxh1 Ne7 12. Qf7 Nbc6 13. c3 Qe8 14.
Qxe8+ Rxe8 15. gxf6 gxf6 16. Be3 Bg7 17. Nd2 Rh8 18. O-O-O a5 19. Nf3 b5 20. g5
f5 21. Bg2 Ng6 22. Rh1 Kd6 23. Rxh8 Bxh8 24. Ng1 f4 25. Bd2 e5 26. dxe5+ Ncxe5
27. Nh3 Ng4 28. Nxf4 Nxf4 29. Bxf4+ Kc6 30. f3 Ne5 31. Bxe5 Bxe5 32. e3 Kd6 33.
f4 Bg7 34. Kd2 c6 35. Kd3 Ke6 36. Bh3+ Ke7 37. f5 Be5 38. f6+ Kd6 39. b3 b4 40.
c4 Bc3 41. e4 dxc4+ 42. Kxc4 Be5 43. Bf5 Bc3 44. f7 Bg7 45. g6 Bf8 1/2-1/2

[Event "Frankfurt Ch 2009"]
[Site "Ffm-Kalbach, LAZ"]
[Date "2009.06.29"]
[Round "7.65"]
[White "Popp, Matthias"]
[Black "Hohls, Henning"]
[Result "0-1"]
[WhiteElo "1591"]
[BlackElo "1113"]
[PlyCount "70"]
[EventDate "2009.??.??"]
[WhiteTeam "SC Bergen-Enkheim 1922"]
[BlackTeam "SC 1934 Gelnhausen"]

1. d4 d5 2. Nf3 Nc6 3. Bf4 Bg4 4. Nbd2 e6 5. e3 Bd6 6. c3 Nge7 7. h3 Bh5 8. g4
Bg6 9. Qb3 Bxf4 10. exf4 O-O 11. Ne5 Nxe5 12. fxe5 a6 13. O-O-O Nc6 14. h4 f6
15. h5 Be8 16. f4 fxe5 17. fxe5 Qe7 18. Bd3 Na5 19. Qc2 Qg5 20. Bxh7+ Kh8 21.
Bg6 Nc4 22. Rdg1 Ba4 23. b3 Rf2 24. Rd1 Ne3 25. Qd3 Bb5 26. c4 dxc4 27. bxc4
Nxc4 28. Qc3 c5 29. Rhf1 Nxd2 30. Rxd2 Rxd2 31. Qxd2 Qxd2+ 32. Kxd2 Bxf1 33.
dxc5 Bc4 34. a3 Rc8 35. Be4 Bd5 0-1

[Event "Frankfurt Ch 2009"]
[Site "Ffm-Kalbach, LAZ"]
[Date "2009.06.29"]
[Round "7.66"]
[White "Lopez-Fuertes, Victor"]
[Black "Schellen, Sven"]
[Result "0-1"]
[WhiteElo "1448"]
[BlackElo "1556"]
[PlyCount "104"]
[EventDate "2009.??.??"]
[WhiteTeam "SC 1910 Höchst"]
[BlackTeam "Sfr. Frankfurt 1921"]

1. e4 c6 2. d4 d5 3. e5 c5 4. dxc5 Nc6 5. Nf3 Bg4 6. Be2 e6 7. Be3 Qa5+ 8. c3
Bxc5 9. Bxc5 Qxc5 10. Nbd2 Nge7 11. Nb3 Qb6 12. Nfd4 Bxe2 13. Qxe2 Ng6 14. Nxc6
bxc6 15. O-O O-O 16. Nd4 Rab8 17. b4 Rfc8 18. Rab1 a5 19. a3 c5 20. Nc2 cxb4
21. cxb4 Nxe5 22. Qxe5 Rxc2 23. Rbc1 Rbc8 24. Rxc2 Rxc2 25. bxa5 Qc7 26. Qe1 d4
27. f3 d3 28. Qe3 Qc5 29. Qxc5 Rxc5 30. Rd1 Rc3 31. a4 Kf8 32. Kf2 Ke7 33. Ke3
Ra3 34. Rxd3 Rxa4 35. Ke2 Rxa5 36. Rd2 g5 37. Rd4 Ra2+ 38. Rd2 Ra4 39. g3 h5
40. Ke3 Kf6 41. Rd4 Ra2 42. Rd2 Rxd2 43. Kxd2 Ke5 44. Kd3 f5 45. Ke3 f4+ 46.
gxf4+ gxf4+ 47. Ke2 Kd4 48. h4 Kc3 49. Ke1 Kd3 50. Kf2 Kd2 51. Kf1 Ke3 52. Kg2
Ke2 0-1

[Event "Frankfurt Ch 2009"]
[Site "Ffm-Kalbach, LAZ"]
[Date "2009.06.29"]
[Round "7.69"]
[White "Abrahamyan, Arsen"]
[Black "Kirschner, Matthias"]
[Result "1-0"]
[WhiteElo "1415"]
[BlackElo "1719"]
[PlyCount "99"]
[EventDate "2009.??.??"]
[WhiteTeam "Frankfurter TV 1860"]
[BlackTeam "SV 1997 Nauheim"]

1. e4 d6 2. d4 Nf6 3. Nc3 e5 4. dxe5 dxe5 5. Qxd8+ Kxd8 6. Bg5 Bd6 7. O-O-O h6
8. Bh4 g5 9. Bg3 Nh5 10. Bxe5 f6 11. Bxd6 cxd6 12. Rxd6+ Ke7 13. Rd2 Nc6 14.
Nf3 Be6 15. Nd4 Nxd4 16. Rxd4 Rhd8 17. Rxd8 Rxd8 18. g3 f5 19. Bd3 fxe4 20.
Bxe4 b6 21. Re1 Kf6 22. Bf3 Ng7 23. Rd1 Rxd1+ 24. Kxd1 Ke5 25. Kd2 Nf5 26. a3
Nd4 27. Be4 Kd6 28. Ne2 Ke5 29. Bg2 Nb5 30. f4+ gxf4 31. Nxf4 Bf5 32. Nd3+ Ke6
33. c3 Nd6 34. Nf4+ Ke5 35. Bd5 Ne4+ 36. Ke3 Nf6 37. Bf3 Ng4+ 38. Bxg4 Bxg4 39.
Nd3+ Kd6 40. Kf4 Be6 41. Nf2 Ke7 42. Ke5 Kf7 43. Ne4 Bb3 44. Nd6+ Kg6 45. Nc8
Kg5 46. h3 Ba4 47. Nd6 Bd7 48. Ne4+ Kg6 49. h4 Bf5 50. h5+ 1-0

[Event "Frankfurt Ch 2009"]
[Site "Ffm-Kalbach, LAZ"]
[Date "2009.06.29"]
[Round "7.70"]
[White "Leßmann, Sven"]
[Black "Kohlmeyer, Klaus"]
[Result "0-1"]
[WhiteElo "1193"]
[BlackElo "1813"]
[PlyCount "96"]
[EventDate "2009.??.??"]
[WhiteTeam "SC Bad Soden"]
[BlackTeam "Sfr. Braunfels e.V."]

1. d4 Nf6 2. c4 e6 3. Nc3 Bb4 4. Qc2 c5 5. e3 O-O 6. Bd3 b6 7. Nf3 Bb7 8. O-O
Bxc3 9. Qxc3 Ne4 10. Qc2 f5 11. Nd2 d5 12. f3 Nxd2 13. Bxd2 cxd4 14. exd4 Qh4
15. Qc3 Rf6 16. Be1 Qg5 17. f4 Qg6 18. Bh4 dxc4 19. Rf2 cxd3 20. Bxf6 Qxf6 21.
Qxd3 Nc6 22. Rd2 Rd8 23. Qf3 Na5 24. Qf2 Rc8 25. b3 Be4 26. Qe2 Qf7 27. Qb5 Rc3
28. Qe5 Qc7 29. Qxe6+ Kf8 30. Re1 Rc1 31. Rde2 Qxf4 32. d5 Nb7 33. Qd7 Qc7 34.
Qxc7 Rxc7 35. Rd2 Rd7 36. Red1 Ke7 37. Rd4 Kd6 38. R1d2 Rc7 39. Kf2 Nd8 40. Ke3
g6 41. g3 Nf7 42. h4 Rc3+ 43. Kf2 Ne5 44. Ra4 Rf3+ 45. Ke1 Rxg3 46. Kd1 Rg1+
47. Ke2 Rg2+ 48. Ke1 Nf3+ 0-1

[Event "Frankfurt Ch 2009"]
[Site "Ffm-Kalbach, LAZ"]
[Date "2009.06.29"]
[Round "7.75"]
[White "Herwig-Päutz, Martin"]
[Black "Krüger, Jens"]
[Result "0-1"]
[WhiteElo "1506"]
[BlackElo "1382"]
[PlyCount "40"]
[EventDate "2009.??.??"]
[WhiteTeam "SC Nidderau"]
[BlackTeam "SC Nidderau"]

1. d4 Nf6 2. Bg5 g6 3. Bxf6 exf6 4. e4 Bg7 5. Bc4 O-O 6. Nf3 d6 7. Bb3 Nc6 8.
c3 f5 9. Bc2 fxe4 10. Nfd2 Re8 11. O-O e3 12. fxe3 Rxe3 13. d5 Ne5 14. Na3 Bg4
15. Qc1 Qh4 16. Ne4 Bh6 17. Nf6+ Kh8 18. Nxg4 Nxg4 19. h3 Rxh3 20. gxh3 Qg3+
0-1

[Event "Frankfurt Ch 2009"]
[Site "Ffm-Kalbach, LAZ"]
[Date "2009.06.29"]
[Round "7.76"]
[White "Grohmüller, Robert"]
[Black "Fischler, Paul"]
[Result "0-1"]
[WhiteElo "1302"]
[BlackElo "1009"]
[PlyCount "54"]
[EventDate "2009.??.??"]
[WhiteTeam "FB Mörlenbach-Birkenau"]
[BlackTeam "Sfr.1891 Friedberg"]

1. d4 e6 2. Nf3 d5 3. c4 dxc4 4. Qa4+ Nc6 5. Qxc4 Nf6 6. Nc3 Be7 7. g3 h6 8.
Bg2 a6 9. Qa4 O-O 10. O-O b5 11. Nxb5 Bd7 12. Nc3 Nb4 13. Qd1 Rb8 14. Ne5 Nbd5
15. Nxd5 Nxd5 16. b3 Bf6 17. Bb2 Rb6 18. Rc1 Re8 19. Nc4 Rb8 20. e4 Nb6 21. Re1
Nxc4 22. Rxc4 Bb5 23. e5 Bxc4 24. exf6 Qxf6 25. bxc4 Rxb2 26. Qa4 Qxf2+ 27. Kh1
Qxg2# 0-1

[Event "Frankfurt Ch 2009"]
[Site "Ffm-Kalbach, LAZ"]
[Date "2009.06.29"]
[Round "7.78"]
[White "Scheerer, Michael"]
[Black "Paulicks, Frank"]
[Result "1-0"]
[WhiteElo "1427"]
[BlackElo "1083"]
[PlyCount "111"]
[EventDate "2009.??.??"]
[WhiteTeam "Sfr. Frankfurt 1921"]
[BlackTeam "Sfr.1891 Friedberg"]

1. e4 c5 2. Nf3 Nc6 3. d4 cxd4 4. Nxd4 g6 5. Be3 Bg7 6. Qd2 e5 7. Nb3 b6 8. Nc3
Nf6 9. f3 O-O 10. O-O-O Re8 11. h4 a5 12. a4 Bf8 13. Bb5 Re6 14. Qf2 Rb8 15.
Nd5 Na7 16. Nxf6+ Rxf6 17. Bg5 Nxb5 18. Bxf6 Qxf6 19. axb5 a4 20. Nd2 a3 21.
bxa3 Bxa3+ 22. Kb1 Qe7 23. Qe3 Ra8 24. Qb3 d6 25. c4 Qa7 26. Kc2 d5 27. exd5
Bf5+ 28. Ne4 Qe7 29. g4 Bd7 30. d6 Qe6 31. Ra1 Bxb5 32. Qxb5 Ra5 33. Qb3 Bxd6
34. Rxa5 bxa5 35. c5 Qc8 36. Nxd6 Qxc5+ 37. Nc4 Qf2+ 38. Nd2 Qc5+ 39. Qc3 Qd5
40. Ra1 Kg7 41. Rxa5 Qe6 42. Qxe5+ Qf6 43. Qxf6+ Kxf6 44. Ne4+ Ke6 45. Kd3 f6
46. Kd4 h6 47. Ra6+ Kf7 48. Rxf6+ Kg7 49. Kd5 g5 50. h5 Kh7 51. Ke6 Kg7 52.
Rf7+ Kg8 53. Kf6 Kh8 54. Kg6 Kg8 55. Rf5 Kh8 56. Rf8# 1-0